| 000 | 01004cam a22002174a 4500 | ||
|---|---|---|---|
| 005 | 20250605163955.0 | ||
| 008 | 250528s ||||||||||||||||||||||||d | ||
| 035 | _a15450 | ||
| 020 | _a471900206 | ||
| 040 |
_aGR-AtMCL _bgre _dGR-AtMCL _eAACR2 |
||
| 245 | 1 | _aManagement Information and Control Systems / Second Edition | |
| 250 | _a2nd | ||
| 260 |
_bJohn Wiley & Sons, _c1982 |
||
| 300 | _a348 | ||
| 520 | _aThis book covers the fundamental ideas in systems design and organization development. Preface, Information and Decision, Systems and Control, The Human Aspects of Systems, The Management Control Process, Data Processing Technology, The System Development Process, Evolving Information Systems, Managing Information Systems, Organizational Development, Societal Implications, Suggested Readings, Appendix: Performance Measurement and Transfer Prices, Index. | ||
| 700 | 1 |
_aBoland Richard _91373 |
|
| 700 | 1 |
_aTricker I. R _91374 |
|
| 942 | _cBK | ||
| 999 |
_c1030 _d1030 |
||